| 000 | 00397nam a2200169Ia 4500 | ||
|---|---|---|---|
| 008 | 110201s9999 xx 000 0 und d | ||
| 082 |
_bB7291 _aBAL 1939 |
||
| 100 | _aEnid Blyton | ||
| 245 | _aMr.Meddle's Mischief | ||
| 260 | _bdean | ||
| 365 | _b9 | ||
| 600 | _aEnid Blyton | ||
| 630 | _aMr.Meddle's Mischief | ||
| 700 | _aEnid Blyton | ||
| 730 | _aMr.Meddle's Mischief | ||
| 942 | _cBOOK | ||
| 999 |
_c832831 _d832828 |
||